Ciau Masino /

Wedi'i Gadw mewn:
Manylion Llyfryddiaeth
Prif Awdur: Pavese, Cesare (autor)
Awduron Eraill: Sánchez-Gijón Martínez, Angel (traducción) (traducción)
Fformat: Llyfr
Iaith:Sbaeneg
Cyhoeddwyd: Madrid, España : Alianza, 1971, c1971
Tagiau: Ychwanegu Tag
Dim Tagiau, Byddwch y cyntaf i dagio'r cofnod hwn!

MARC

LEADER 00000nam^a2200000^a^4500
001 000580703
005 20250521000000.0
009 20260310132554.876
037 |a Acervo ITESO - Biblioteca 
041 |a ESP 
091 |a FLG. 00961 
100 |a Pavese, Cesare  |e (autor) 
245 1 0 |a Ciau Masino / 
264 4 |a Madrid, España :  |b Alianza,  |c 1971, c1971 
300 |a 215 p. 
336 |a texto  |b txt  |2 rdacontenido 
337 |a sin mediación  |b n  |2 rdamedio 
338 |a volumen  |b nc  |2 rdasoporte 
649 |a XX 
700 |a Sánchez-Gijón Martínez, Angel  |e (traducción) 
910 |a Fondo Luis González de Alba 
920 |a Impresos - Libros 
930 |a Fondos Especiales 
940 |a Literatura 
905 |a 141 
901 |a 0500396952  |b IT2  |c ESP  |i C102789  |u 20250521 
902 |a https://opac.biblio.iteso.mx/vufind/Record/000580703